| 000 | nam a22 7a 4500 | ||
|---|---|---|---|
| 999 |
_c232806 _d232806 |
||
| 003 | Nust | ||
| 005 | 20170223142536.0 | ||
| 008 | 170223b xxu||||| |||| 00| 0 eng d | ||
| 040 | _c0 | ||
| 050 | _a636.089601 ANJ | ||
| 082 | _a636.089601 ANJ | ||
| 100 | _aAnjum,Sohail | ||
| 245 |
_aDisinfection Of Drinking Water by Solar Radiation _cSohail Anjum |
||
| 260 |
_aFaislabad _buniversity Of Agriculture _c2002. |
||
| 300 |
_a86 p. _bPB. |
||
| 440 | _aMS Veterinary Microbiology | ||
| 500 | _aThesis MS VM | ||
| 650 | _aVeterinary Microbiology | ||
| 700 | _4Dr. Iftikhar Hussain (Supervisor) | ||
| 942 |
_2ddc _cTHE _kIESE |
||